000 01199nam a22003617a 4500
003 CHAP
005 20220329133536.0
008 971013s1993 r 00010 d
010 _a7648
011 _a8620
035 _a7849
040 _cCHAP
090 _aTesis
100 0 0 _aLivera Nolasco, Javier.
_967202
245 _aEvaluación tecnológico-explotativa de dos ensiladoras de maíz
260 _aChapingo, Méx. :
_bEl autor,
_c1993
300 _a87 h.
_b: ilus
502 _aTesis (Ing. Mecánico. Agric.) -- UACH. Departamento de Ingeniería Mecánica Agrícola
590 _aALEPH
_b10
_c20130110
_lUCH01
_h1220
590 _aBATCH-UPD
_b10
_c20130110
_lUCH01
_h1818
590 _aBATCH-UPD
_b10
_c20130410
_lUCH01
_h1152
590 _aBATCH-UPD
_b10
_c20130914
_lUCH01
_h1052
590 _aCONVERSION
_b10
_c20130109
_lUCH01
_h1305
650 1 4 _aCosechadoras.
_928442
650 1 4 _aEnsilaje.
_937102
650 1 4 _aMaíz como forraje.
_971109
700 0 _aMota Solís, Adalberto.
_979071
710 0 _aUACH. Departamento de Ingeniería Mecánica Agrícola.
_9115872
790 _aSilocosechadoras
901 _aBK
942 _cTESIS
949 _bBC
_cTES
_d-17728
_eTS1
_h26244
_i7849
_si
999 _c7648
_d7648